Normal view MARC view

Entry Personal Name

Number of records used in: 2

001 - CONTROL NUMBER

  • control field: 82236

003 - CONTROL NUMBER IDENTIFIER

  • control field: dpl

005 - DATE AND TIME OF LATEST TRANSACTION

  • control field: 20250623171446.0

008 - FIXED-LENGTH DATA ELEMENTS

  • fixed length control field: 250623|| aca||aabn | a|a d

040 ## - CATALOGING SOURCE

  • Original cataloging agency: dpl
  • Transcribing agency: dpl

100 ## - HEADING--PERSONAL NAME

  • Personal name: Bajpai,Jaya

670 ## - SOURCE DATA FOUND

  • Source citation: Work cat.: (dpl)209250: Bajpai,Jaya, Arihant's 37 Years NEET:, 2024

© Delhi Public Library
Hit Counter
free hit counter